00852nam a2200217 a 450000100100000000500170001000800410002704000250006808200190009310000330011224500900014526000390023530000270027450000680030165000300036965000320039970000540043104900090048595201230049499900170061700001992620200929170207.0100709s1989 cu a r 000 p spa d aDO-SdBNPbspacBNPHU aV861.44bF596v1 aFleites, Alex,d1954-94249513aDe vital importancia /cAlex Fleites ; edición Víctor Joaquín Ortega Izquierdo. aLa Habana :bEditora Abril,c1989. a93 p. :bil. ;c19 cm. aIncluye referencia biográfica del autor en la contracubierta. 4aPoesía venezolana94230 4aLiteratura venezolana938161 aOrtega Izquierdo, Víctor Joaquín,eed.942496 aBNGR 001054708MOaGRbGRcCTd2010-07-09iLF1l0oV861.44 F596vp19926-10r2020-06-25w2020-06-25y4ZPréstamo en sala c19439d19439